Cuentos para ser disparados / (Registro nro. 15212)

Detalles MARC
000 -CABECERA
campo de control de longitud fija 01305nam a2200373 a 4500
001 - NÚMERO DE CONTROL
campo de control 000012268
003 - IDENTIFICADOR DEL NÚMERO DE CONTROL
campo de control DO-SdBPM
005 - FECHA Y HORA DE LA ÚLTIMA TRANSACCIÓN
campo de control 20250625093458.0
007 - CAMPO FIJO DE DESCRIPCIÓN FÍSICA--INFORMACIÓN GENERAL
campo de control de longitud fija ta
008 - DATOS DE LONGITUD FIJA--INFORMACIÓN GENERAL
campo de control de longitud fija 091110s1992 dr a 000 j spa d
040 ## - FUENTE DE LA CATALOGACIÓN
Centro catalogador/agencia de origen fragmento de otro mundo
Lengua de catalogación spa
Centro/agencia transcriptor BPMSU
Centro/agencia modificador rda
082 ## - NÚMERO DE LA CLASIFICACIÓN DECIMAL DEWEY
Número de clasificación RD863.44
Número de documento/Ítem F363c 1992
Número de edición 22
100 1# - ENTRADA PRINCIPAL--NOMBRE DE PERSONA
Nombre de persona Fernández Mejía, Abel,
Fechas asociadas al nombre 1931-
Término indicativo de función/relación autor
100 z# - ENTRADA PRINCIPAL--NOMBRE DE PERSONA
Nombre de persona Fernández M., Abel,
Fechas asociadas al nombre 1931-
245 10 - MENCIÓN DE TÍTULO
Título Cuentos para ser disparados /
Mención de responsabilidad, etc. Abel Fernández Mejía ; prólogo Víctor Villegas.
264 ## - PRODUCCIÓN, PUBLICACIÓN, DISTRIBUCIÓN, FABRICACIÓN Y COPYRIGHT
Producción, publicación, distribución, fabricación y copyright Santo Domingo :
Nombre del de productor, editor, distribuidor, fabricante Universitaria-UASD,
Fecha de producción, publicación, distribución, fabricación o copyright 1992.
300 ## - DESCRIPCIÓN FÍSICA
Extensión 91 páginas. :
Otras características físicas ilustraciones ;
Dimensiones 20 cm.
336 ## - TIPO DE CONTENIDO
Término de tipo de contenido texto
Código de tipo de contenido txt
Fuente rdacontent
337 ## - TIPO DE MEDIO
Nombre/término del tipo de medio sin mediación
Código del tipo de medio n
Fuente rdamedia
338 ## - TIPO DE SOPORTE
Nombre/término del tipo de soporte volumen
Código del tipo de soporte nc
Fuente rdacarrier
490 0# - MENCIÓN DE SERIE
Mención de serie Publicaciones de la Universidad Autónoma de Santo Domingo ;
-- Literatura y sociedad,
Designación de volumen o secuencia 671/7
590 ## - NOTA LOCAL (RLIN)
Nota local Inventariado, 2025/VM
650 #0 - PUNTO DE ACCESO ADICIONAL DE MATERIA--TÉRMINO DE MATERIA
Término de materia o nombre geográfico como elemento de entrada Cuentos dominicanos
650 #0 - PUNTO DE ACCESO ADICIONAL DE MATERIA--TÉRMINO DE MATERIA
Término de materia o nombre geográfico como elemento de entrada Literatura dominicana.
650 z# - PUNTO DE ACCESO ADICIONAL DE MATERIA--TÉRMINO DE MATERIA
Término de materia o nombre geográfico como elemento de entrada Short stories, Dominican
650 z# - PUNTO DE ACCESO ADICIONAL DE MATERIA--TÉRMINO DE MATERIA
Término de materia o nombre geográfico como elemento de entrada Dominican literature
700 1# - PUNTO DE ACCESO ADICIONAL--NOMBRE DE PERSONA
Nombre de persona Villegas, Víctor,
Término indicativo de función/relación prólogo
710 2# - PUNTO DE ACCESO ADICIONAL--NOMBRE DE ENTIDAD CORPORATIVA
Nombre de entidad corporativa o nombre de jurisdicción como elemento de entrada Universidad Autónoma de Santo Domingo
710 z# - PUNTO DE ACCESO ADICIONAL--NOMBRE DE ENTIDAD CORPORATIVA
Nombre de entidad corporativa o nombre de jurisdicción como elemento de entrada Santo Domingo.
Unidad subordinada Universidad Autónoma
710 z# - PUNTO DE ACCESO ADICIONAL--NOMBRE DE ENTIDAD CORPORATIVA
Nombre de entidad corporativa o nombre de jurisdicción como elemento de entrada UASD
710 z# - PUNTO DE ACCESO ADICIONAL--NOMBRE DE ENTIDAD CORPORATIVA
Nombre de entidad corporativa o nombre de jurisdicción como elemento de entrada U.A.S.D.
910 ## - DATOS DE OPCIÓN DEL USUARIO (OCLC)
Datos de opción del usuario VMateo V. Control de calidad BPMSU
942 ## - ELEMENTOS DE PUNTO DE ACCESO ADICIONAL (KOHA)
Fuente del sistema de clasificación o colocación Dewey Decimal Classification
Tipo de ítem Koha Libros
Existencias
Estado de retiro Estado de pérdida Fuente del sistema de clasificación o colocación No para préstamo Código de colección Localización permanente Ubicación/localización actual Fecha de adquisición Total de préstamos Signatura topográfica completa Código de barras Fecha visto por última vez Precio válido a partir de Tipo de ítem Koha
    Dewey Decimal Classification   Colección Dominicana Biblioteca Pública Metropolitana Salomé Ureña Biblioteca Pública Metropolitana Salomé Ureña 06/25/2025   BPMSU CD RD863.44 F363c 1992 BPMSU25060109 06/25/2025 06/25/2025 Libros